The GENIUS of Arab civilization : (Record no. 21200)

MARC details
000 -LEADER
fixed length control field 00837nam a2200241Ia 4500
008 - FIXED-LENGTH DATA ELEMENTS--GENERAL INFORMATION
fixed length control field 210303s9999 xx 000 0 und d
016 ## - NATIONAL BIBLIOGRAPHIC AGENCY CONTROL NUMBER
Source reto2022b
020 ## - INTERNATIONAL STANDARD BOOK NUMBER
ISBN 0262081369
040 ## - CATALOGING SOURCE
Original cataloging agency NLN
Language of cataloging English
Description conventions AACR2
100 ## - MAIN ENTRY--AUTHOR
Author John S. Badeau ... [et al.]
Relator term aut
245 #4 - TITLE STATEMENT
Title The GENIUS of Arab civilization :
Remainder of title source of Renaissance /
Statement of responsibility, etc John S. Badeau ... [et al.], edited by John Richards Hayes
250 ## - EDITION STATEMENT
Edition statement 2nd ed.
260 ## - PUBLICATION, DISTRIBUTION, ETC. (IMPRINT)
Place of publication Massachusetts :
Name of publisher The M.I.T Press,
Date of publication 1983
300 ## - COLLATION
Pagination x, 260p. :
Other physical details ill., col. ports. ; 31cm
500 ## - GENERAL NOTE
General note Includes bibliographical references
563 ## - BINDING INFORMATION
Binding note (cased)
650 ## - TRACINGS
Main Subject Civilization, Islamic
700 ## - ADDITIONAL AUTHOR
Additional Author <a href="Hayes, John Richard, ">Hayes, John Richard, </a>
Dates associated with a name 1933-
Relator term edt
700 ## - ADDITIONAL AUTHOR
Additional Author <a href="Badeau, John S. ... [et al.]">Badeau, John S. ... [et al.]</a>
942 ## - ADDED ENTRY ELEMENTS (KOHA)
Suppress in OPAC No
Item type Books
050 ## - LIBRARY OF CONGRESS CALL NUMBER
Classification number DS36.85
Item number .G331 1983
082 ## - DEWEY DECIMAL CLASSIFICATION NUMBER
Classification number 909.097671
Holdings
Withdrawn status Lost status Source of classification or shelving scheme Damaged status Not for loan Home library Current library Date acquired Total Checkouts Full call number Barcode. Date last seen Price effective from Koha item type
    Library of Congress Classification     LAGOS BRANCH National Library of Nigeria 04/03/2021   DS36.85 .G331 1983 2024-555555550999649 04/03/2021 04/03/2021 Books

National Library of Nigeria OPAC is powered by Koha